| 000 | 01005nam a2200313 a 4500 | ||
|---|---|---|---|
| 005 | 20200104041611.0 | ||
| 008 | 160727b2005 ck ||||| |||| 00| 0 spa d | ||
| 020 | _a9586837807 | ||
| 040 |
_aCO-BoIAVH _cCO-BoIAVH |
||
| 041 | _aspa | ||
| 044 | _ack | ||
| 082 | 1 | 4 |
_a333.7511 _bP43r |
| 100 | 1 |
_aPérez Torres, Jairo _eautor |
|
| 245 | 1 | 0 |
_aReserva forestal protectora de los ríos Blanco y Negro municipio de La Calera: _bun lugar lleno de vida |
| 260 |
_aBogotá: _bCAR; _bPontificia Universidad Javeriana, _c2005. |
||
| 300 | _a39 páginas. | ||
| 650 | 1 | _aReserva Forestal Protectora | |
| 650 | 1 | _aSuelos | |
| 650 | 1 | _aClima | |
| 650 | 1 | _aVegetación | |
| 650 | 1 | _aFauna | |
| 650 | 1 | _aInventarios | |
| 662 | 1 |
_aColombia _dLa Calera _bCundinamarca |
|
| 700 | 1 |
_aGaravito, Ana Carolina _eautora |
|
| 700 | 1 |
_aPardo, Andrea _eautora |
|
| 700 | 1 |
_aVélez, Mercedes _eautora |
|
| 942 |
_cFolleto _2ddc _01 |
||
| 945 | _d2008-11-14 | ||
| 999 |
_c6662 _d6662 |
||